Регионална библиотека "Любен Каравелов" - Русе

Мениджмънт на проекти (Запис номер 65810)

MARC детайли
000 -Лидер
Контролно поле с фиксирана дължина 01209nam a2200337 c 4500
003 - Код на организацията, давaща контролен номер
Контролно поле BLK
005 - Дата и час на последна редакция
Контролно поле 20221207154159.0
008 - Елементи от данни с фиксирана дължина
fixed length control field 180408b bul|||||r ||||||| ||bul||
010 ## - Наследен системен номер
LC control number KNG00070092000
020 ## - Международен стандартен номер на книга ISBN
Международен стандартен номер на книга ISBN 954-334-037-4
040 ## - Източник на каталожния запис
Идентификатор на билиотеката - собственик на записа BLK
041 ## - Код за език
Код за езика на текст/звукозапис или на отделно заглавие Български
Код за езика КДБФ Български
080 ## - УДК
Текстов определител УДК Вземане на решения. План. Спецификация
УДК код - определител по УДК 005.53
УДК определител (075.8)
УДК - код + определител 005.53(075.8)
100 1# - Редна дума - Автор
Автор Андреев, Огнян Димитров
Авторска отговорност първи автор
R(LIN) 285749
139 ## - Редно поле
Редна дума Андреев, Огнян Димитров
Авторски знак Андр - А 66
245 10 - Сведения за заглавието
Заглавие Мениджмънт на проекти
Редно поле (дума) Огнян Димитров Андреев.
257 ## - Страна на издаване
Страна на създаване/издаване България
260 ## - Област на издателските данни
Име на издателя, разпространителя и проч. Софттрейд
Година на издаване 2006
300 ## - Физическа характеристика
Страници 188 с.
Илюстрации и др. с табл., сх., диагр.
Размери/Мащаб 24 см
380 ## - Жанр
Жанр Общ отдел
500 ## - Общи забележки
Забележка Библиогр. с. 187.
504 ## - Забележка за наличие на библиография и др
Забележка за наличие на библиография и под. 187
650 #4 - Допълнително описание по предмет – тема
Основно описание – тема или топоним Проекти - управление и организация
9 (RLIN) 277666
653 ## - Ключова дума – ненормативна
Ключова дума проекти
653 ## - Ключова дума – ненормативна
Ключова дума управленски решения
852 ## - Местоположение
Форматна сигнатура Цб 230462
856 4# - Електронен адрес и достъп
Електронен формат pdf - файл
856 4# - Електронен адрес и достъп
Електронен формат pdf - файл
999 ## - СИСТЕМНИ КОНТРОЛНИ НОМЕРА
Koha biblionumber 65810
Koha biblioitemnumber 65810
942 ## - АРТИКУЛИ
Вид на библиотечния материал Книги
Скрит в OPAC Не
Koha issues (borrowed), all copies 8
Периодичен библиозапис Да
944 ## - СЪЗДАВАНЕ И РЕДАКЦИЯ на ЗАПИСА
Създаване/Редакция Създаване
Дата на регистрацията/редакция 18.12.2006
Служител, извършил регистрацията/редакцията Кети_Илиева
944 ## - СЪЗДАВАНЕ И РЕДАКЦИЯ на ЗАПИСА
Създаване/Редакция Редакция
Дата на регистрацията/редакция 27.11.2012
999 ## - СИСТЕМНИ КОНТРОЛНИ НОМЕРА
Koha biblioitemnumber 65810
Наличности
Код за отписване Код за изгубен артикул Източник на класификационната схема Код за повреда Коз за рестрикции Код за отдаване Артикулен № Име на библиотеката - собственик Име на библиотеката, в която се намира в момента Статус (Текущо местоположение) Дата на вписване в системата Местоположение - отдел Цена в лева Инвентарен номер Систематично азбучна сигнатура Баркод Номер на екземпляра Цена в евро Служебна бележка Служебен тип на артикула
  Не е изгубен Universal Decimal Classification Не е повреден без рестрикции заемане за дома 108572 Регионална библиотека "Любен Каравелов" Русе Регионална библиотека "Любен Каравелов" Русе Заемна - подръчен фонд 2006-12-18 Заемна - подръчен фонд 10.00 120000707544 005.5/А 64 120000707544 1 5.11 Дост: Pk Вид: Ф N: 47176 Дата: 15.12.2006 Дата инв: 06.02.2018 Бележки инв: П2018 Книги
  Не е изгубен Universal Decimal Classification Не е повреден без рестрикции ползва се в читалня 108573 Регионална библиотека "Любен Каравелов" Русе Регионална библиотека "Любен Каравелов" Русе Читалня 2006-12-18 Читалня 10.00 120000707545 Ч 005/А 64 120000707545 2 5.11 Дост: Pk Вид: Ф N: 47176 Дата: 15.12.2006 Дата инв: 23.03.2017 Бележки инв: Ч2017 Книги
  Не е изгубен Universal Decimal Classification Не е повреден без рестрикции заемане за дома 108574 Регионална библиотека "Любен Каравелов" Русе Регионална библиотека "Любен Каравелов" Русе Заемна - подръчен фонд 2007-06-12 Заемна - подръчен фонд 12.00 120000714508 005.5/А 64 120000714508 3 6.14 Дост: Pk Вид: Ф N: 5273 Дата: 08.06.2007 Дата инв: 06.02.2018 Бележки инв: П2018 Книги
  Не е изгубен   Не е повреден без рестрикции ползва се в читалня 108575 Регионална библиотека "Любен Каравелов" Русе Регионална библиотека "Любен Каравелов" Русе Хранилище 2009-01-26 Хранилище 12.00 120000733034 Цб 230462 120000733034 4 6.14 Дост: Dp Вид: Д N: 35 Дата: 13.08.2008 Книги
Vip Innovations Ltd, Rousse, Bulgaria 2025